000 00366nam a2200145 i 4500
001 61386
003 ES-MaACL
005 20230906164439.0
007 t|
008 031112s1932 sp ||||1| spa d
245 0 0 _aAsociació de periodistes de Barcelona
_b: estatuts.
260 _a[S.l. :
_bs.n.,
_c1932]
300 _a82 p. ;
_c22 cm.
852 _aES-MaACL
_jA-1365
999 _c61386
_d61386